[Event "World Junior Girls 2015"]
[Site "Khanty-Mansiysk RUS"]
[Date "2015.09.11"]
[Round "9.6"]
[White "Navrotescu, Andreea-Cristiana"]
[Black "Bayarmaa, Bayarjargal"]
[Result "1/2-1/2"]
[WhiteTitle "WFM"]
[BlackTitle "WFM"]
[WhiteElo "2263"]
[BlackElo "2265"]
[WhiteFideId "675946"]
[BlackFideId "4900260"]
[EventDate "2015.09.02"]

1. c4 g6 2. Nc3 Bg7 3. g3 d6 4. Bg2 Nc6 5. e4 Nd4 6. Nge2 Bg4 7. h3 Bf3 8. O-O
Qd7 9. d3 h5 10. Bxf3 Nxf3+ 11. Kg2 Ne5 12. f4 Nc6 13. d4 e6 14. Be3 f5 15. d5
Nce7 16. Nd4 Bxd4 17. Bxd4 Rh7 18. Qb3 c5 19. dxe6 Qc6 20. Bf2 Nf6 21. Rfe1
O-O-O 22. Kg1 h4 23. gxh4 fxe4 24. Qc2 Nf5 25. Nxe4 Nxe4 26. Qxe4 Nxh4 27. Bxh4
Rxh4 28. e7 Re8 29. Qxg6 Rxh3 30. Qe6+ Qd7 31. Kg2 Rh7 32. Kf3 Rhxe7 33. Qxd7+
Kxd7 34. Rxe7+ Rxe7 35. Rg1 Rh7 36. f5 a6 37. Rg2 b5 38. cxb5 axb5 39. Kf4 Rh1
40. Re2 Rg1 41. f6 d5 42. Kf5 d4 43. f7 Rf1+ 44. Kg6 d3 45. Re5 d2 46. Rd5+ Ke6
47. Rxd2 Rg1+ 48. Kh5 Kxf7 49. Rc2 c4 50. a4 bxa4 51. Rxc4 Rg2 52. Rxa4 Rxb2 1/2-1/2

[Event "World Junior Girls 2015"]
[Site "Khanty-Mansiysk RUS"]
[Date "2015.09.11"]
[Round "9.7"]
[White "Paredes Bustamante, Paula"]
[Black "Nguyen, Thi Thuy Trien"]
[Result "0-1"]
[WhiteTitle "WFM"]
[BlackTitle "WFM"]
[WhiteElo "2156"]
[BlackElo "1939"]
[WhiteFideId "3804992"]
[BlackFideId "12404179"]
[EventDate "2015.09.02"]

1. e4 g6 2. d4 Bg7 3. Nc3 d6 4. f4 Nf6 5. Nf3 O-O 6. Bd3 c5 7. dxc5 dxc5 8. O-O
Nc6 9. e5 Ng4 10. Be4 Nd4 11. h3 f5 12. Bd5+ e6 13. Bc4 Nxf3+ 14. Rxf3 Qxd1+ 15.
Nxd1 Nh6 16. Rd3 g5 17. g3 Nf7 18. Be3 b6 19. a4 Bxe5 20. fxe5 Nxe5 21. Rc3 Nxc4
22. Rxc4 Ba6 23. Rc3 f4 24. Bc1 e5 25. Nf2 Bb7 26. h4 h6 27. Ng4 Kh7 28. Nxe5
Rae8 29. gxf4 gxf4 30. Nf3 Re2 31. Rd3 Be4 32. Rd7+ Kg6 33. Ra3 Kh5 34. Kf1 Rxc2
35. Bd2 Rxb2 36. Bc3 Rc2 37. Bd2 c4 38. Rd4 Bd3+ 39. Kf2 Re8 40. Rd5+ Kg4 41.
Raxd3 cxd3 42. Nh2+ Kh3 43. Nf1 Re2+ 44. Kf3 Rcxd2 45. Nxd2 Rxd2 46. Kxf4 Kxh4
47. a5 bxa5 48. Rxa5 Rf2+ 49. Ke3 d2 50. Ra1 Kg3 51. Kd3 Kg2 52. Rd1 h5 0-1

[Event "World Junior Girls 2015"]
[Site "Khanty-Mansiysk RUS"]
[Date "2015.09.11"]
[Round "9.8"]
[White "Mammadzada, Gunay"]
[Black "Fataliyeva, Ulviyya"]
[Result "1/2-1/2"]
[WhiteTitle "WGM"]
[BlackTitle "WIM"]
[WhiteElo "2355"]
[BlackElo "2301"]
[WhiteFideId "13403729"]
[BlackFideId "13403052"]
[EventDate "2015.09.02"]

1. e4 e6 2. d4 d5 3. Nd2 a6 4. Ngf3 Nf6 5. Bd3 c5 6. exd5 exd5 7. dxc5 Bxc5 8.
O-O O-O 9. Nb3 Bb6 10. h3 Nc6 11. Re1 Qd6 12. Be3 Nb4 13. Bxb6 Qxb6 14. Bf1 Bf5
15. Nbd4 Be4 16. c3 Nc6 17. Qb3 Qc7 18. Rad1 h6 19. Qa4 Ne7 20. Nd2 g5 21. Nxe4
dxe4 22. g3 Rfe8 23. Bg2 Qe5 24. Re2 Nc8 25. Qb4 Rb8 26. Nf3 Qe6 27. Nd2 Nd6 28.
Rde1 Nd5 29. Qd4 Qe5 30. Qxe5 Rxe5 31. Nxe4 Nxe4 32. Bxe4 Kg7 33. Bf3 Rf5 34.
Be4 Re5 35. Bg2 Rxe2 36. Rxe2 Nf6 37. Re7 b6 38. a4 Rd8 39. Rb7 Rd1+ 40. Kh2 Nd7
41. b4 Rd2 42. Bc6 Ne5 43. Rxb6 Rxf2+ 44. Kg1 Rf6 45. b5 axb5 46. axb5 Rd6 47.
Ra6 Rd3 48. Bg2 Rxc3 49. b6 Rc1+ 50. Kh2 Rc2 51. g4 Rc8 52. b7 Rf8 53. Ra8 Nd7
54. Be4 Nb8 55. Bf5 Rd8 56. Bc8 Nc6 57. b8=Q Nxb8 58. Rxb8 Rd2+ 59. Kg3 Rd3+ 60.
Kg2 Rd2+ 61. Kf3 Rd3+ 62. Ke4 Rxh3 63. Rb7 Rh1 64. Rb5 Rf1 65. Bd7 Rd1 66. Bc6
Rc1 67. Bd5 Re1+ 68. Kd4 Rf1 69. Rb7 Rf4+ 70. Ke5 Kf8 71. Rc7 Kg8 72. Kd6 Kg7
73. Ke7 Rxg4 74. Bxf7 Re4+ 75. Kd6 Kf6 76. Bd5 Re3 77. Rf7+ Kg6 78. Rf1 g4 79.
Kc5 Kg5 80. Kd4 Re2 81. Be4 h5 82. Kd3 Ra2 83. Ke3 g3 84. Bg2 Rxg2 85. Kf3 Ra2
86. Kxg3 h4+ 87. Kh3 Ra3+ 88. Kh2 1/2-1/2

[Event "World Junior Girls 2015"]
[Site "Khanty-Mansiysk RUS"]
[Date "2015.09.11"]
[Round "9.9"]
[White "Drogovoz, Irina"]
[Black "Michelle Catherina, P"]
[Result "1-0"]
[BlackTitle "WIM"]
[WhiteElo "2253"]
[BlackElo "2259"]
[WhiteFideId "4176715"]
[BlackFideId "5005736"]
[EventDate "2015.09.02"]

1. d4 Nf6 2. c4 e6 3. Nf3 Bb4+ 4. Bd2 Qe7 5. Nc3 O-O 6. g3 Bxc3 7. Bxc3 Ne4 8.
Qc2 Nxc3 9. Qxc3 a5 10. Bg2 d6 11. O-O Nd7 12. e4 e5 13. Rad1 f6 14. Nh4 g6 15.
f4 b6 16. Bh3 exd4 17. Rxd4 Nc5 18. Bxc8 Raxc8 19. Re1 Rce8 20. Nf3 Qg7 21. Qc2
Re7 22. Rd2 Rfe8 23. Rde2 g5 24. Nd4 Qg6 25. f5 Qh5 26. Nc6 Rf7 27. b3 Qg4 28.
Kg2 Qh5 29. h3 Rg7 30. Qc3 Qf7 31. a3 Qd7 32. Nd4 Rge7 33. Qc2 Qc8 34. b4 axb4
35. axb4 Nd7 36. Ne6 Nf8 37. Nxf8 Kxf8 38. c5 dxc5 39. bxc5 Kg7 40. cxb6 cxb6
41. Qxc8 Rxc8 42. e5 Rxe5 43. Rxe5 fxe5 44. Rxe5 Kf6 45. Rb5 Rc2+ 46. Kf3 h5 47.
g4 hxg4+ 48. hxg4 Rc6 49. Ke3 Rc3+ 50. Ke2 Rc2+ 51. Kd3 Rc6 52. Kd4 Rd6+ 53. Ke4
Kf7 54. Rd5 Rc6 55. Ke5 Ke7 56. Rb5 Rd6 57. Rb1 Rc6 58. Rh1 Rc5+ 59. Kd4 Rb5 60.
Kc4 Rc5+ 61. Kb3 Rb5+ 62. Kc3 Rc5+ 63. Kd3 b5 64. Re1+ Kf7 65. Re4 Rd5+ 66. Rd4
Rc5 67. Rb4 Ke7 68. Ke4 Kd6 69. Rd4+ Ke7 70. Kd3 Rc1 71. Rb4 Rc5 72. Re4+ Kf7
73. Kd4 Rc1 74. Kd5 Rc2 75. Rb4 Rg2 76. Kc5 Kf6 77. Kxb5 Ke5 78. Kc6 Kf6 79. Kd5
Rg1 80. Re4 Rd1+ 81. Kc4 Rc1+ 82. Kd3 Rg1 83. Ke3 Kf7 84. Rc4 Rg3+ 85. Kf2 Ra3
86. Re4 Rb3 87. Re3 Rb2+ 88. Kf3 Rb4 89. Ra3 Rb6 90. Ke4 Rb4+ 91. Ke5 Rb5+ 92.
Kd6 Rb4 93. Kd5 Rxg4 94. Ke5 Rg1 95. Ra7+ Ke8 96. Ke6 Re1+ 97. Kf6 g4 98. Kg7
Re5 99. f6 Rg5+ 100. Kh6 Rb5 101. Kg6 Rb8 102. Kg7 g3 103. f7+ 1-0

[Event "World Junior Girls 2015"]
[Site "Khanty-Mansiysk RUS"]
[Date "2015.09.11"]
[Round "9.11"]
[White "Aulia, Medina Warda"]
[Black "Vasova, Maria"]
[Result "1-0"]
[WhiteTitle "WGM"]
[WhiteElo "2417"]
[BlackElo "2069"]
[WhiteFideId "7101570"]
[BlackFideId "2900955"]
[EventDate "2015.09.02"]

1. e4 e5 2. Nf3 Nc6 3. Bc4 Bc5 4. c3 Nf6 5. d3 O-O 6. b4 Bb6 7. Bg5 d6 8. Nbd2
Be6 9. O-O Qe7 10. a4 a6 11. Bxe6 Qxe6 12. Nc4 Ba7 13. b5 Ne7 14. Bxf6 Qxf6 15.
Rb1 Rfd8 16. bxa6 bxa6 17. Rb7 d5 18. exd5 Rxd5 19. Qb3 Rdd8 20. Nfxe5 Nd5 21.
d4 h5 22. Nf3 c5 23. Nce5 Ne7 24. Ng5 Rf8 25. Nexf7 cxd4 26. Ne5+ Kh8 27. Ngf7+
Kh7 28. h4 Qxh4 29. Nf3 Qf6 30. N3g5+ Kg6 31. Re1 dxc3 32. Re6 Bxf2+ 33. Kh1 1-0

[Event "World Junior Girls 2015"]
[Site "Khanty-Mansiysk RUS"]
[Date "2015.09.11"]
[Round "9.12"]
[White "Rodriguez Rueda, Paula Andrea"]
[Black "Utiatskaja, Irina"]
[Result "1-0"]
[WhiteTitle "IM"]
[BlackTitle "WFM"]
[WhiteElo "2358"]
[BlackElo "2201"]
[WhiteFideId "4404564"]
[BlackFideId "24140848"]
[EventDate "2015.09.02"]

1. d4 Nf6 2. Nf3 g6 3. Bg5 Bg7 4. Nbd2 d5 5. e3 O-O 6. Bd3 c5 7. c3 b6 8. O-O
Bb7 9. Bh4 Nbd7 10. Rc1 Re8 11. Re1 h6 12. c4 cxd4 13. exd4 dxc4 14. Bxc4 e6 15.
Qb3 g5 16. Bg3 a6 17. a4 Nb8 18. Ne5 Nd5 19. Ne4 Ra7 20. Nxf7 Kxf7 21. Nd6+ Kf8
22. Nxe8 Qxe8 23. Bd6+ Kf7 24. Qh3 Kg8 25. Bxb8 Qxb8 26. Qxe6+ Kh8 27. Bxd5 Bxd5
28. Rc8+ Bf8 29. Qxh6+ 1-0

[Event "World Junior Girls 2015"]
[Site "Khanty-Mansiysk RUS"]
[Date "2015.09.11"]
[Round "9.13"]
[White "Terbe, Julianna"]
[Black "Wozniak, Mariola"]
[Result "0-1"]
[WhiteTitle "WFM"]
[BlackTitle "WCM"]
[WhiteElo "2233"]
[BlackElo "2198"]
[WhiteFideId "708780"]
[BlackFideId "1152050"]
[EventDate "2015.09.02"]

1. c4 f5 2. g3 Nf6 3. Bg2 g6 4. Nc3 Bg7 5. e3 O-O 6. Nge2 e5 7. O-O d6 8. b3 Nc6
9. Bb2 Bd7 10. d3 Qe7 11. Qd2 Nd8 12. Rae1 c6 13. f4 exf4 14. exf4 Ng4 15. Nc1
Bd4+ 16. Kh1 Qg7 17. h3 Ne6 18. Bf3 Qh6 19. Kg2 Nf6 20. N1e2 Bb6 21. d4 Rae8 22.
Ba3 Bc7 23. b4 Ne4 24. Bxe4 fxe4 25. Nxe4 Nc5 26. f5 Qxd2 27. Nxd2 Nd3 28. Nf3
Nxe1+ 29. Rxe1 Bxf5 30. Nf4 Rxe1 31. Nxe1 Re8 32. Kf2 Bb1 33. b5 Bxa2 34. bxc6
bxc6 35. c5 d5 36. Ned3 Bc4 37. Nb4 Bb5 38. Kf3 g5 39. Ng2 Rf8+ 0-1

[Event "World Junior Girls 2015"]
[Site "Khanty-Mansiysk RUS"]
[Date "2015.09.11"]
[Round "9.14"]
[White "Sviridova, Vlada"]
[Black "Amrayeva, Aytan"]
[Result "1/2-1/2"]
[WhiteTitle "WFM"]
[BlackTitle "WCM"]
[WhiteElo "2125"]
[BlackElo "2145"]
[WhiteFideId "24109606"]
[BlackFideId "13405101"]
[EventDate "2015.09.02"]

1. d4 Nf6 2. c4 e6 3. Nc3 Bb4 4. g3 O-O 5. Bg2 d5 6. cxd5 exd5 7. Nh3 c6 8. O-O
Re8 9. f3 c5 10. Nf2 cxd4 11. Nb5 Nc6 12. Nxd4 Nxd4 13. Qxd4 Ba5 14. Qd3 Qe7 15.
e4 dxe4 16. fxe4 Ng4 17. Nxg4 Bxg4 18. Be3 Rad8 19. Qb5 b6 20. h3 Bd7 21. Qe2
Bc6 22. Rf4 a6 23. Rc1 Bb5 24. Qf2 Bb4 25. a3 Bd6 26. Rf5 Rc8 27. Rxc8 Rxc8 28.
Bxb6 Rc1+ 29. Kh2 Rd1 30. Rd5 Rd3 31. Rxd3 Bxd3 32. Qe3 Bb5 33. b4 h5 34. Bc5 h4
35. Bxd6 Qxd6 36. e5 hxg3+ 37. Qxg3 Qd4 38. h4 Qb2 39. Kh1 1/2-1/2

[Event "World Junior Girls 2015"]
[Site "Khanty-Mansiysk RUS"]
[Date "2015.09.11"]
[Round "9.15"]
[White "Pratyusha, Bodda"]
[Black "Thomas, Anysia"]
[Result "1-0"]
[WhiteTitle "WIM"]
[WhiteElo "2326"]
[BlackElo "2035"]
[WhiteFideId "5000629"]
[BlackFideId "670472"]
[EventDate "2015.09.02"]

1. d4 Nf6 2. c4 g6 3. Nc3 d5 4. cxd5 Nxd5 5. e4 Nxc3 6. bxc3 Bg7 7. Nf3 c5 8.
Be3 Qa5 9. Qd2 Nc6 10. Rb1 a6 11. Rc1 Bg4 12. d5 Rd8 13. Be2 f5 14. exf5 Bxf5
15. O-O O-O 16. Qb2 Ne5 17. Nxe5 Bxe5 18. Qxb7 Qxa2 19. Qxa6 Ra8 20. Qxa2 Rxa2
21. Bc4 Ra4 22. Bb5 Ra5 23. Bc6 c4 24. Bb6 Ra2 25. Bc5 Bd6 26. Bd4 Rb8 27. Ra1
Rab2 28. Rfe1 g5 29. Ba4 Kf7 30. Bd1 Kg6 31. Be2 Bd3 32. Bxd3+ cxd3 33. Rad1 Re2
34. Kf1 Rb5 35. Rxe2 dxe2+ 36. Kxe2 Rxd5 37. h3 Ra5 38. Rb1 h5 39. Rb7 Kf5 40.
Ra7 Rxa7 41. Bxa7 Ke4 42. Be3 g4 43. f3+ Kf5 44. Kd3 e5 45. c4 Bc7 46. c5 Bb8
47. Bd2 Bc7 48. c6 gxf3 49. gxf3 Ke6 50. Ke4 Kd6 51. Bc3 Ke6 52. Ba1 Bb8 53. Bb2
Bd6 54. Bc1 Bc7 55. Ba3 Bb8 56. Bb4 Bc7 57. Bc3 h4 58. Bb2 Bd6 59. Bc1 Bc7 60.
Ba3 Bd8 61. Bb4 Bb6 62. Bd2 Bd8 63. Be1 Kd6 64. Bc3 Kxc6 65. Bxe5 Kc5 66. Kf5
Ba5 67. Bf6 Be1 68. Kg4 Kd5 69. Bxh4 Bc3 70. Kf5 Kd6 71. Bf6 Bd2 72. h4 Kd7 73.
h5 Ke8 74. Kg6 1-0

[Event "World Junior Girls 2015"]
[Site "Khanty-Mansiysk RUS"]
[Date "2015.09.11"]
[Round "9.16"]
[White "Assaubayeva, Bibissara"]
[Black "Sazonova, Anastasia"]
[Result "0-1"]
[WhiteTitle "WFM"]
[BlackTitle "WFM"]
[WhiteElo "2241"]
[BlackElo "2020"]
[WhiteFideId "13708694"]
[BlackFideId "24131008"]
[EventDate "2015.09.02"]

1. d4 f5 2. Nc3 Nf6 3. Bg5 d5 4. Bxf6 exf6 5. e3 Be6 6. Bd3 Nc6 7. a3 Ne7 8. Qf3
Qd7 9. Nge2 g6 10. h3 O-O-O 11. Nf4 Bf7 12. g4 Kb8 13. O-O-O c6 14. Kb1 Bg7 15.
Qg3 Ka8 16. f3 Rhe8 17. Ng2 Bg8 18. Nh4 fxg4 19. hxg4 Nc8 20. Rhe1 Nd6 21. b3
Re7 22. e4 Rde8 23. a4 Qc7 24. Kb2 Nc4+ 0-1

[Event "World Junior Girls 2015"]
[Site "Khanty-Mansiysk RUS"]
[Date "2015.09.11"]
[Round "9.18"]
[White "Drogovoz, Maria"]
[Black "Lingur, Zalina"]
[Result "1/2-1/2"]
[WhiteTitle "WFM"]
[BlackTitle "WFM"]
[WhiteElo "1924"]
[BlackElo "2128"]
[WhiteFideId "4176731"]
[BlackFideId "34165670"]
[EventDate "2015.09.02"]

1. e4 c5 2. Nf3 d6 3. d4 cxd4 4. Nxd4 Nf6 5. Nc3 a6 6. Be3 e5 7. Nb3 Be6 8. f3
Nbd7 9. g4 Nb6 10. g5 Nh5 11. Na5 Qc7 12. Qd2 Be7 13. O-O-O O-O 14. Qf2 Na4 15.
Nd5 Bxd5 16. Rxd5 Nc5 17. Nb3 Ne6 18. h4 Nef4 19. Rd1 b5 20. Kb1 Rac8 21. Bh3
Nxh3 22. Rxh3 Qd7 23. Rh2 Qe6 24. Nc1 a5 25. Rd5 f5 26. Qe1 fxe4 27. fxe4 Qg4
28. Rxb5 Qxe4 29. Re2 Qc4 30. Rxa5 d5 31. b3 Qc6 32. Qd1 Rcd8 33. Rf2 Rxf2 34.
Bxf2 Nf4 35. Nd3 Nxd3 36. Qxd3 d4 37. Rxe5 Ba3 38. Re1 Qg2 39. Bxd4 Rf8 40. Bb2
Bxb2 41. Kxb2 Kh8 42. Re4 Qh2 43. Rd4 Qe5 44. Qe4 Qc7 45. a4 Qb6 46. Rd7 h5 47.
Qd4 Qg6 48. Rd8 Rg8 49. Qd5 Re8 50. Rxe8+ Qxe8 51. a5 Qc8 52. g6 Qxc2+ 1/2-1/2

[Event "World Junior Girls 2015"]
[Site "Khanty-Mansiysk RUS"]
[Date "2015.09.11"]
[Round "9.19"]
[White "Gelip, Ioana"]
[Black "Ivanova, Karina"]
[Result "1/2-1/2"]
[BlackTitle "WFM"]
[WhiteElo "2139"]
[BlackElo "2177"]
[WhiteFideId "1202260"]
[BlackFideId "24139750"]
[EventDate "2015.09.02"]

1. e4 d6 2. d4 Nf6 3. Nc3 e5 4. Nf3 Nbd7 5. Bc4 Be7 6. O-O O-O 7. h3 c6 8. a4 b6
9. Re1 a6 10. Bg5 Bb7 11. Ba2 b5 12. d5 b4 13. dxc6 Bxc6 14. Nd5 Bxd5 15. Bxf6
Bxa2 16. Bxe7 Qxe7 17. Rxa2 Qe6 18. Ra1 Nc5 19. Qd2 a5 20. b3 Rfd8 21. Rad1 Rac8
22. Re2 f6 23. Qd5 Kf7 24. Nh4 Qxd5 25. Rxd5 g6 26. Kf1 Ke6 27. f3 f5 28. Rd1
fxe4 29. fxe4 Nd7 30. Nf3 Nf6 31. Rc1 Nh5 32. Kf2 Rf8 33. Kg1 Nf4 34. Re3 Rc3
35. Rxc3 Ne2+ 36. Kf2 Nxc3 37. Ke3 h6 38. Rf1 Rf6 39. Kd3 d5 40. exd5+ Kxd5 41.
Nd2 Rxf1 42. Nxf1 e4+ 43. Ke3 Ke5 44. Nd2 Nd5+ 45. Ke2 Kd4 46. Nc4 Kc3 47. g3
Kxc2 48. Nxa5 Kc3 49. h4 h5 50. Kf2 Kc2 51. Ke2 e3 52. Ke1 Nc3 53. Nc6 Kxb3 54.
a5 Kc4 55. a6 Nb5 56. Ke2 Kc5 57. Nxb4 Kxb4 58. Kxe3 Ka5 59. Kf4 Kxa6 60. Kg5
Nd6 61. Kxg6 Ne4 62. Kxh5 Nxg3+ 63. Kg4 Ne4 64. Kf4 Nf6 1/2-1/2

[Event "World Junior Girls 2015"]
[Site "Khanty-Mansiysk RUS"]
[Date "2015.09.11"]
[Round "9.20"]
[White "Monnisha, G K"]
[Black "Saranya, J"]
[Result "1/2-1/2"]
[WhiteTitle "WFM"]
[BlackTitle "WFM"]
[WhiteElo "2004"]
[BlackElo "2144"]
[WhiteFideId "5009936"]
[BlackFideId "5031931"]
[EventDate "2015.09.02"]

1. e4 c5 2. Nf3 d6 3. d4 cxd4 4. Nxd4 Nf6 5. Nc3 a6 6. h3 e5 7. Nde2 h5 8. Bg5
Be6 9. Bxf6 Qxf6 10. Nd5 Qd8 11. Nec3 Nc6 12. Bc4 Rc8 13. Bb3 Qg5 14. Ne3 Nd4
15. Ne2 Nxb3 16. axb3 Qg6 17. Qd3 Be7 18. Ng3 Bg5 19. Ngf5 Bxf5 20. Nxf5 Rc6 21.
h4 Bh6 22. Kf1 Qe6 23. Rh3 O-O 24. Rg3 Kh7 25. Rd1 g6 26. Nxh6 Kxh6 27. Qd2+ Kg7
28. Qe2 Qf6 29. Rh3 Rfc8 30. c3 b5 31. Kg1 Qe6 32. Rhd3 Qxb3 33. Rxd6 b4 34. Qf3
Rxd6 35. Rxd6 bxc3 36. bxc3 Qxc3 37. Qxc3 Rxc3 38. Rxa6 Rc1+ 1/2-1/2

[Event "World Junior Girls 2015"]
[Site "Khanty-Mansiysk RUS"]
[Date "2015.09.11"]
[Round "9.21"]
[White "Leonardi, Caterina"]
[Black "Milosevic, Jovana"]
[Result "0-1"]
[BlackTitle "WFM"]
[WhiteElo "2080"]
[BlackElo "2117"]
[WhiteFideId "14601036"]
[BlackFideId "900427"]
[EventDate "2015.09.02"]

1. d4 d5 2. c4 c6 3. Nf3 Nf6 4. e3 e6 5. b3 Nbd7 6. Bd3 Bd6 7. Bb2 O-O 8. O-O
Qe7 9. Ne5 c5 10. f4 b6 11. Rf3 Ne4 12. Nxd7 Bxd7 13. Bxe4 dxe4 14. Rg3 g6 15.
Nd2 f5 16. Qc2 cxd4 17. Bxd4 e5 18. Bb2 exf4 19. exf4 Bxf4 20. Qc3 Kf7 21. Rh3
Ke8 22. Re1 Kd8 23. Nf1 Bd6 24. Rd1 f4 25. Rxh7 Bc5+ 26. Kh1 Qxh7 27. b4 Bf2 28.
c5 Qh5 29. Qd2 Rf7 30. c6 Qg4 31. Qd6 Bh4 32. c7+ Ke8 33. Qd5 Rc8 34. Qxe4+ Re7
35. Qc4 Be6 36. Qb5+ Kf7 37. Rd4 Bf6 38. h3 Qf5 0-1

[Event "World Junior Girls 2015"]
[Site "Khanty-Mansiysk RUS"]
[Date "2015.09.11"]
[Round "9.22"]
[White "Garifullina, Leya"]
[Black "Voskresenskaya, Marta"]
[Result "1-0"]
[WhiteElo "1776"]
[BlackElo "1703"]
[WhiteFideId "34127035"]
[BlackFideId "34127795"]
[EventDate "2015.09.02"]

1. e4 c5 2. Nf3 g6 3. d4 cxd4 4. Qxd4 Nf6 5. e5 Nc6 6. Qa4 Nd5 7. Qe4 Nc7 8. Nc3
Bg7 9. Bf4 Ne6 10. Bg3 Qb6 11. O-O-O Qa5 12. h4 h5 13. Bc4 a6 14. Kb1 Rb8 15.
Rhe1 Qc5 16. Bb3 b5 17. Ng5 Na5 18. Bxe6 dxe6 19. Qf4 O-O 20. Ne2 Nc6 21. Nc1 a5
22. Nd3 Qb6 23. f3 a4 24. Bf2 Qa5 25. g4 hxg4 26. Qxg4 b4 27. h5 b3 28. cxb3
axb3 29. a3 Ba6 30. f4 Bxd3+ 31. Rxd3 Qb5 32. Rh3 Nb4 33. hxg6 Qc4 34. Rc3 Qa6
35. Qh5 Rfc8 36. gxf7+ Kf8 37. Nh7# 1-0

[Event "World Junior Girls 2015"]
[Site "Khanty-Mansiysk RUS"]
[Date "2015.09.11"]
[Round "9.23"]
[White "Bengtsson, Jessica"]
[Black "Barbier, Astrid"]
[Result "1-0"]
[WhiteElo "2056"]
[BlackElo "1835"]
[WhiteFideId "1711083"]
[BlackFideId "200395"]
[EventDate "2015.09.02"]

1. e4 e5 2. Nf3 Nc6 3. Bb5 a6 4. Ba4 Nge7 5. c3 b5 6. Bb3 h6 7. O-O g6 8. d4
exd4 9. cxd4 Bg7 10. a4 Rb8 11. axb5 axb5 12. Nc3 O-O 13. Be3 d6 14. Qd2 Kh7 15.
d5 Ne5 16. Nxe5 dxe5 17. Bc5 f5 18. f3 f4 19. Rfd1 Rf6 20. d6 cxd6 21. Bxd6 Rb7
22. Bxe7 Qxe7 23. Nd5 Qc5+ 24. Kh1 Rf8 25. Rac1 Qa7 26. Qb4 Be6 27. Qd6 Bxd5 28.
Bxd5 Rb6 29. Qc5 Qb8 30. Rc2 h5 31. Qe7 Re8 32. Qc5 Bf8 33. Qc3 Kh6 34. Rdc1 Ra6
35. g3 Rf6 36. Qd2 Qb6 37. gxf4 exf4 38. Rc6 Qd8 39. Qg2 Re5 40. Qd2 Rg5 41. Rc7
Bd6 42. Rc8 Qb6 43. R8c6 Qb8 44. Qa5 Be5 45. Rc8 Qd6 46. Qa8 Re6 47. Bxe6 Qxe6
48. Rh8+ 1-0

[Event "World Junior Girls 2015"]
[Site "Khanty-Mansiysk RUS"]
[Date "2015.09.11"]
[Round "9.24"]
[White "Musaeva, Shakhnazi"]
[Black "Hoare, Amy B"]
[Result "0-1"]
[WhiteElo "1586"]
[BlackElo "2088"]
[WhiteFideId "13801643"]
[BlackFideId "418366"]
[EventDate "2015.09.02"]

1. e4 e5 2. Nf3 Nc6 3. Bb5 a6 4. Ba4 Nf6 5. O-O b5 6. Bb3 Bc5 7. d3 d6 8. Ng5
O-O 9. h3 Nd4 10. c3 Nxb3 11. Qxb3 h6 12. Nf3 Be6 13. Qc2 Bb6 14. b3 Nh5 15. d4
Qf6 16. Qd3 Rfd8 17. Kh2 c5 18. d5 Bd7 19. Be3 g5 20. Ng1 Qg6 21. Qe2 Nf6 22. f3
Kg7 23. Qf2 Rg8 24. Ne2 h5 25. Rg1 g4 26. Qh4 Kf8 27. Qf2 Bd8 28. Nd2 Ke8 29.
Raf1 a5 30. Qe1 h4 31. hxg4 Bxg4 32. Bf2 Bd7 33. Be3 Nh5 34. Qf2 Ng3 35. Re1 Qh7 0-1

[Event "World Junior Girls 2015"]
[Site "Khanty-Mansiysk RUS"]
[Date "2015.09.12"]
[Round "10.1"]
[White "Bivol, Alina"]
[Black "Abdumalik, Zhansaya"]
[Result "1-0"]
[WhiteTitle "WIM"]
[BlackTitle "WGM"]
[WhiteElo "2321"]
[BlackElo "2380"]
[WhiteFideId "4100123"]
[BlackFideId "13703544"]
[EventDate "2015.09.02"]

1. Nf3 Nf6 2. c4 c5 3. Nc3 Nc6 4. d4 cxd4 5. Nxd4 e6 6. g3 Qb6 7. Ndb5 Ne5 8.
Bf4 d6 9. Bg2 Nfg4 10. O-O a6 11. Na4 Qd8 12. Na3 Ng6 13. Bc1 Be7 14. Qd4 e5 15.
Qb6 O-O 16. h3 Nf6 17. Qxd8 Bxd8 18. Be3 Nd7 19. Rfd1 Bc7 20. c5 Nxc5 21. Nxc5
dxc5 22. Bxc5 Re8 23. Nc4 e4 24. Bb6 Bxb6 25. Nxb6 Rb8 26. Rac1 Be6 27. Bxe4
Bxh3 28. f3 Be6 29. Nd7 Rbd8 30. Nc5 Rxd1+ 31. Rxd1 Bxa2 32. Bxb7 a5 33. b3 Nf8
34. Rd2 Bb1 35. Bd5 Bf5 36. Ra2 h5 37. e4 Be6 38. Rxa5 Bxd5 39. exd5 Rd8 40. Ne4
Rb8 41. Nc5 Rd8 42. Nb7 Rd7 43. Rb5 Nh7 44. Kf2 g5 45. d6 Kf8 46. Rb6 Nf6 47.
Nc5 Rd8 48. Rc6 Ke8 49. b4 Rb8 50. b5 g4 51. b6 Kd8 52. b7 Nd7 53. Nxd7 Kxd7 54.
Rb6 Ke6 55. fxg4 hxg4 56. Ke3 f6 57. Kd4 f5 58. Kc5 Kd7 59. Rb4 1-0

[Event "World Junior Girls 2015"]
[Site "Khanty-Mansiysk RUS"]
[Date "2015.09.12"]
[Round "10.2"]
[White "Buksa, Nataliya"]
[Black "Ibrahimova, Sabina"]
[Result "1-0"]
[WhiteTitle "WFM"]
[BlackTitle "WIM"]
[WhiteElo "2199"]
[BlackElo "2215"]
[WhiteFideId "14123622"]
[BlackFideId "13403893"]
[EventDate "2015.09.02"]

1. e4 c5 2. Nf3 Nc6 3. d4 cxd4 4. Nxd4 g6 5. c4 Bg7 6. Be3 Nf6 7. Nc3 O-O 8. Be2
d6 9. O-O Bd7 10. Qd2 Nxd4 11. Bxd4 Bc6 12. f3 Nd7 13. Be3 a5 14. b3 Nc5 15.
Rab1 Qb6 16. Rfc1 Rfc8 17. Rc2 Qb4 18. Qc1 Qb6 19. a3 Qd8 20. Qd2 h5 21. Bf1 Kh7
22. Kh1 e6 23. b4 axb4 24. axb4 Na4 25. Nd1 Be8 26. Rcc1 Rc7 27. Nf2 Rcc8 28.
Rc2 d5 29. exd5 exd5 30. c5 d4 31. Bg5 f6 32. Bf4 Nc3 33. Re1 Bb5 34. Bd6 Bxf1
35. Rxf1 Nb5 36. Ne4 Qd7 37. Rcc1 Ra3 38. Ra1 Rca8 39. Rad1 Ra2 40. Qf4 Qf5 41.
Qh4 Kg8 42. Be7 R8a6 43. Nd6 Qc2 44. Qh3 Nc3 45. Rde1 Nd5 46. Rg1 Nf4 47. Qc8+
Kh7 48. Qd7 Nd3 49. Ne4 Ne5 50. Nxf6+ Rxf6 51. Rxe5 Rxf3 52. Bf6 Rxf6 53. Re7
Rf2 54. Rxg7+ Kh6 55. h4 1-0

[Event "World Junior Girls 2015"]
[Site "Khanty-Mansiysk RUS"]
[Date "2015.09.12"]
[Round "10.3"]
[White "Nguyen, Thi Thuy Trien"]
[Black "Saduakassova, Dinara"]
[Result "0-1"]
[WhiteTitle "WFM"]
[BlackTitle "WGM"]
[WhiteElo "1939"]
[BlackElo "2409"]
[WhiteFideId "12404179"]
[BlackFideId "13700090"]
[EventDate "2015.09.02"]

1. d4 f5 2. c4 Nf6 3. Nc3 e6 4. g3 c6 5. d5 cxd5 6. cxd5 Bb4 7. dxe6 dxe6 8.
Qxd8+ Kxd8 9. Bd2 Bd7 10. Bg2 Bc6 11. Nf3 Ke7 12. a3 Bd6 13. O-O Nbd7 14. Bh3
Ne5 15. Nd4 Nc4 16. Nxc6+ bxc6 17. Bc1 Be5 18. Na4 Rhd8 19. Bg2 Rac8 20. Rb1 Nd2
21. Bxd2 Rxd2 22. e3 c5 23. Rfd1 Rcd8 24. Rxd2 Rxd2 25. Nxc5 Bxb2 26. Nb3 Rc2
27. Bf3 Bc3 28. Nc5 Rb2 29. Rc1 Ba5 30. Nb7 Bb6 31. a4 Ra2 32. Bc6 Ng4 33. Rf1
Nxf2 34. h4 Ng4 35. Bg2 Nxe3 36. a5 Bd4 37. Rc1 Rxg2+ 38. Kh1 Rc2 0-1